000 00478nam a2200181 i 4500
001 bg
100 1 _aDietrych, Janusz
_d(1907-2001).
245 0 _aSystem i konstrukcja /
_cJanusz Dietrych.
260 _aWarszawa,
_c1978
_aWNT.
650 9 _aProjektowanie
_xteoria
650 9 _aProjektowanie
_xmetodologia
650 9 _aTechnika
_xprojekty
_xzagadnienia
040 _cBPK
041 _apol
080 _a62.001.1
942 _cKS
008 s pl f |000 0 pol
999 _c18068
_d18068
856 _uhttp://koha.tu.koszalin.pl/cgi-bin/koha/opac-detail.pl?biblionumber=18068
_yKatalog online BPK